Contesting Marginality (Record no. 16009)

MARC details
000 -LEADER
fixed length control field 00596nam a2200241 a 4500
020 ## - INTERNATIONAL STANDARD BOOK NUMBER
ISBN 8173049
082 00 - DEWEY DECIMAL CLASSIFICATION NUMBER
Classification number 305.80954
Author Cutter NAG
100 ## - MAIN ENTRY--AUTHOR NAME
Author name Nag, Sajal
245 ## - TITLE STATEMENT
Title Contesting Marginality
260 ## - PUBLICATION, DISTRIBUTION, ETC. (IMPRINT)
Place of publication New Delhi
Name of publisher Manohar Pub.
Year of publication 2002
300 ## - PHYSICAL DESCRIPTION
Number of Pages 382p
500 ## - GENERAL NOTE
General note includes index and biblioraphy
505 2# - FORMATTED CONTENTS NOTE
Formatted contents note Bibliography, Index
650 ## - SUBJECT ADDED ENTRY--TOPICAL TERM
Topical Term Ethnic Conflict-India
942 ## - ADDED ENTRY ELEMENTS (KOHA)
Koha item type Books
700 1# -
-- Nag, Sajal
Holdings
Collection code Home library Current library Date acquired Cost, normal purchase price Full call number Accession Number Koha item type
  Henry Martyn Institute Library Henry Martyn Institute Library 11/02/2009 795.00 305.80954 NAG 020338 Books
                   Copyright © 2026 | Henry Martyn Institute | Hyderabad | TS-500052 | INDIA | Implemented by hmi.edu.in
Hit-Count:

Powered by Koha